00000000nam##2200000za#4500
0019.649014
003CaOODSP
00520210615113443
007tc
008150407|2002||||xxc|||||f||||f|0| 0 eng|d
040 |aCaOODSP|beng
043 |an-cn---
0861 |aRH34-5/2002E-BR
1101 |aCanada.|bHuman Resources Development Canada. |bHuman Resources Investment Branch.
24510|aLooking for a job? |h[braille]
260 |aOttawa - Ontario : |bHuman Resources Development Canada. |c[2002?].
300 |aIn 2 vols. ; |c28 cm.
5203 |aWhether you are a first-time job seeker, a student looking for employment, or someone looking to change jobs, Looking for a Job can help you with your job search or planning your career path.
563 |aRing binding
590 |a03-39|b2003-09-26
69007|aInnovation|2gcpds
69007|aLearning|2gcpds
7760#|tLooking for a job? |w(CaOODSP)9.648605
7760#|tLooking for a job? |w(CaOODSP)9.649015
7760#|tLooking for a job? |w(CaOODSP)9.649076
7760#|tLooking for a job? |w(CaOODSP)9.649079
7760#|tLooking for a job - knowledge matters : |w(CaOODSP)9.686740
986 |aY-4290-08-02E